000 01314nam a2200313 c 4500
003 BLK
005 20180422112846.0
008 180410b bul|||||r ||||||| ||bul||
010 _aKNG00154896000
040 _aBLK
041 _aBUL
_cBUL
080 _aЯпонска литература
_b821.521
_x-93-34
_z821.521-93-34
700 1 _aМаврова, Красимира
_eпрев. от япон.
_9368594
700 1 _aДишовска-Маврова, Камелия
_eхудож.
_963451
139 _aЯпонски народни приказки
_bЯ 74
245 1 0 _aЯпонски народни приказки
_cпрев. от япон. Красимира Маврова; худож. Камелия Дишовска-Маврова.
257 _aJAP
260 София
_bПетекс
_c1991
_fВраца : ДФ Полипринт
300 _a72 с.
_bс ил.
_c26 см
380 _aDX
500 _aОриг. загл. на япон. ез. - 30 000 тир.
653 _aприказки
653 _aдетска литература
852 _aЦб ІІ 19234
856 4 _qpdf
_u
856 4 _qpdf
_u
942 _cKNG
_n0
944 _aCR
_c21.12.2013
_l21.12.2013 - от С1,Р / 21.12.2013
_kМирела_Шивачева
944 _aED
_c28.09.2017
_l21.12.2013 - от С1,Р / 21.12.2013
_kКети_Илиева
999 _c148671
_d148671